00348nam a2200121 a 450000500170000000800410001702000180005805000170007610000200009324500360011326000590014965000180020820140412111348.0051109s19uu xx 00 eng d a0-8431-2765-1 aERbOh1 1989 aPienkowski, Jan aOh my a fly! /cJan Pienkowski. aCalifornia :bIntervisual communications , inc,c1989. aRhyming words